Colección de ensayos críticos, Díaz

Uloženo v:
Podrobná bibliografie
Hlavní autor: Oyarzún, Carola (autora)
Médium: Kniha
Jazyk:španělština
Vydáno: Santiago Universidad Católica de Chile 2004
Edice:Dramaturgia
Témata:
Tagy: Přidat tag
Žádné tagy, Buďte první, kdo vytvoří štítek k tomuto záznamu!

MARC

LEADER 00000nam a2200000 a 4500
001 UCL8904
003 CL-VaPUC
005 20230104100141.0
008 040709e20040000CL |||||||||||||||||spa|d
999 |c 309973  |d 309971 
020 |a 9561407639 
040 |c Pontificia Universidad Católica de Valparaíso 
082 0 4 |a Ch864  |b OYA  |2 21 
100 |a Oyarzún, Carola  |e autora  |9 530823 
245 1 0 |a Colección de ensayos críticos, Díaz 
260 |a Santiago  |b Universidad Católica de Chile  |c 2004 
300 |a 189 p 
490 0 |a Dramaturgia 
583 |a last modification  |c 20040709 00:00:00  |k Rodrigo Vera 
600 |a Díaz Gutiérrez, Jorge,  |d 1930-2007  |9 879657 
650 0 |a Ensayos chilenos   |9 269132 
650 0 |a Teatro chileno  |9 266701 
942 |c BK  |2 ddc 
945 |d 20040709 00:00:00  |a cmena 
952 |0 0  |1 0  |4 0  |6 CH_864_000000000000000_OYA_2004  |7 0  |8 A  |9 377879  |a BIBART  |b BIBART  |d 2019-11-21  |i 4029992  |o Ch864 OYA 2004  |p 4029992  |r 2025-03-13  |w 2019-11-21  |y BK  |k ART